| 000 | 00918nam a22001457a 4500 | ||
|---|---|---|---|
| 999 |
_c525338 _d525338 |
||
| 008 | 240223b ||||| |||| 00| 0 eng d | ||
| 100 |
_aRath, Arun Kumr _950071 |
||
| 245 | _aCivil service challenges in Indian 21st century | ||
| 260 | _aJournal of IIPA Regional Branch, Odisha | ||
| 300 | _a29, 2022: p.7-18 | ||
| 520 | _aThe institution of civil service in India is facing numerous challenges of unprecedented nature in the twenty first century. We are living in a globalizing economy with all its consequences. Globalization has ushered in a VUCA world which has made the contemporary environment volatile, uncertain, complex and amnions in nature. We can overcome the challenges only through courageous coordinated and committed action in mitigate the various challenges confronting citizens. – Reproduced | ||
| 773 | _aJournal of IIPA Regional Branch, Odisha | ||
| 906 | _aCIVIL SERVICES | ||
| 942 | _cAR | ||